Statistics for Ncaa Power 5- Purple Teams

Click here to take the quiz!

General Stats

  • This quiz has been taken 15 times
  • The average score is 6 of 6

Answer Stats

HintAnswer% Correct
B-12Kansas State
100%
B-12TCU
100%
Pac-12Washington
100%
SECLSU
92%
B-10Northwestern
92%
accclemson
85%

Score Distribution

Percentile by Number Answered

Percent of People with Each Score

Your Score History

You have not taken this quiz